| 000 | 00455cam a22001934a 4500 | ||
|---|---|---|---|
| 005 | 20250605164312.0 | ||
| 008 | 250528s ||||||||||||||||||||||||d | ||
| 035 | _a22549 | ||
| 020 | _a9780736032988 | ||
| 040 |
_aGR-AtMCL _bgre _dGR-AtMCL _eAACR2 |
||
| 245 | 1 | _aADVANCES IN SPORT PSYCHOLOGY | |
| 250 | _a2 | ||
| 260 |
_bHuman Kinetics, _c2002 |
||
| 300 | _a562 | ||
| 700 | 1 |
_aHorn Thelma _95452 |
|
| 942 | _cBK | ||
| 999 |
_c7597 _d7597 |
||